000 00326 a2200157 4500
001 75293
020 _a9788516082505
040 _cAnchieta - Colégio São Paulo
100 _aTorres, Carlos Alberto
240 1 0 _aFísica
_lpor
245 1 0 _aFísica
300 _a711
362 0 _a2014
650 4 _aFísica
942 _cBK
999 _c75293
_d75293